I 10 comuni più popolosi della Sicilia - Statistics

Statistiche generali
  • Questo quiz è stato fatto 117 volte
  • Il punteggio medio è 9 su 10
Statistiche sulle risposte
POPOLAZIONE COMUNE % Corretto
217.895 Messina
98%
628.894 Palermo
98%
298.209 Catania
97%
116.051 Siracusa
97%
58.342 Caltanissetta
93%
55.317 Agrigento
92%
73.684 Ragusa
91%
79.833 Marsala
76%
70.811 Gela
70%
64.678 Vittoria
47%
Nessun quiz corrispondente trovato
Distribuzione punteggi
Percentuale di utenti per punteggio
Percentile per numero di risposta
I tuoi punteggi nel tempo
Non hai fatto questo quiz